| 000 | 00937cab a2200373 4500 | ||
|---|---|---|---|
| 001 | ABS55953 | ||
| 008 | 090401t1996 xxu||||| |||| 00| 0 eng d | ||
| 035 | _a(Sirsi) u20071 | ||
| 041 | _aeng | ||
| 245 | _aFocus `96: M25 junctions 25-31 | ||
| 260 | _c1996 | ||
| 350 | _a0 | ||
| 490 |
_aEstates Gazette _v(9643) 26 October 1996, 107-134(13) |
||
| 650 | _aBLUEWATER SHOPPING CENTRE | ||
| 650 | _aBRENTWOOD | ||
| 650 | _aBRITISH TELECOMMUNICATIONS | ||
| 650 | _aCHESHUNT | ||
| 650 | _aDAGENHAM | ||
| 650 | _aDISTRIBUTION PROPERTY | ||
| 650 | _aEBBSFLEET | ||
| 650 | _aENFIELD | ||
| 650 | _aESSEX | ||
| 650 | _aGRAYS | ||
| 650 | _aHOSPITALS | ||
| 650 | _aILFORD | ||
| 650 | _aLAKESIDE SHOPPING CENTRE | ||
| 650 | _aM25 CORRIDOR | ||
| 650 | _aROMFORD | ||
| 650 | _aTHURROCK | ||
| 650 | _aTILBURY | ||
| 690 | _aPROPERTY-COMMERCIAL PROPERTY-COMMERCIAL PROPERTY MARKET | ||
| 942 | _n0 | ||
| 948 | _c04/03/1997 | ||
| 999 |
_c13447 _d13447 |
||